000 00229nam a2200097Ia 4500
008 190216s9999||||xx |||||||||||||| ||und||
100 _aNull
245 0 _aHindi-Banbasi Shila Aur Unki Sakthi
260 _bMcgraw -hill
942 _cBK
999 _c17163
_d17163